|
|
|
|
| LEADER |
03927nam a2200481 a 4500 |
| 001 |
13035404 |
| 003 |
BD-DhAAL |
| 008 |
100606s2008 bg a b 000 0 ben d |
| 010 |
|
|
|a \\2002286564
|
| 020 |
|
|
|a 9846060009 (v. 1)
|
| 020 |
|
|
|a 9847010501285 (v. 1)
|
| 020 |
|
|
|a 9846060025 (v. 2)
|
| 020 |
|
|
|a 9846060106 (v. 3)
|
| 020 |
|
|
|a 9844126096 (v. 4)
|
| 020 |
|
|
|a 9844126290 (v. 5)
|
| 020 |
|
|
|a 9844126134 (v. 6)
|
| 020 |
|
|
|a 9847010500493 (v. 7)
|
| 020 |
|
|
|a 9847010500509 (v. 8)
|
| 020 |
|
|
|a 9847010500516 (v. 9)
|
| 040 |
|
|
|a DLC
|c DLC
|d DLC
|d BD-DhAAL
|
| 082 |
0 |
0 |
|a 954.9205
|2 22
|
| 245 |
0 |
0 |
|a গণমাধ্যমে বাংলাদেশের মুক্তিযুদ্ধ,
|n ১ম খন্ড /
|c রিয়াজ আহমেদ.
|
| 246 |
3 |
1 |
|a Media and the liberation war of Bangladesh
|
| 260 |
|
|
|a ঢাকা :
|b অনন্যা,
|c ২০০৮.
|
| 300 |
|
|
|a ৩০৪ পৃষ্ঠা :
|b চিত্র ;
|c ১৯ সে.মি.
|
| 362 |
O |
|
|a ১ম খন্ড
|
| 500 |
|
|
|a Vol. 4-9 published by Anany{macr}a, Dhaka.
|
| 504 |
|
|
|a গ্রন্থপুঞ্জিগত নির্দেশিকা ও ইনডেক্স.
|
| 505 |
1 |
|
|a [v.] 1. K{macr}ar{dotb}tuna / sa{dotb}mkalana o samp{macr}adan{macr}a, Ri{dot}y{macr}aja {macr}Ahameda = Cartoons / compiled and edited by Reaz Ahmed -- v. 2. Selections from the Frontier / compiled and edited by Muntassir Mamoon -- 3. kha{dotb}n{dotb}da. Mujibanagara, mukt{macr}a{tilde}ncala o abaruddha B{macr}a{dotb}ml{macr}ade{acute}sa theke prak{macr}a{acute}sita patrapatrik{macr}a / sa{dotb}mkalana o samp{macr}adan{macr}a, H{macr}asi{macr}na {macr}Ahameda -- v. 4. Mujibanagara, mukt{macr}a{tilde}ncala, abaruddha B{macr}a{dotb}ml{macr}ade{acute}sa theke prak{macr}a{acute}sita patrapatrik{macr}a / sa{dotb}mkalana o samp{macr}adan{macr}a, H{macr}asi{macr}na {macr}Ahameda -- v. 5. Mujibanagara, mukt{macr}a{tilde}ncala o abaruddha B{macr}a{dotb}ml{macr}ade{acute}sa theke prak{macr}a{acute}sita patrapatrik{macr}a / sa{dotb}mkalana o samp{macr}adan{macr}a, H{macr}asin{macr}a {macr}Ahameda -- v. 6. Dainika {macr}Anandab{macr}aj{macr}ara patrik{macr}a theke sa{dotb}mkalana -- v. 7. Dainika {macr}Anandab{macr}aj{macr}ara patrik{macr}a theke sa{dotb}mkalana / sa{dotb}mkalana o samp{macr}adan{macr}a, Munat{macr}as{macr}ira M{macr}amuna -- v. 8. Dainika {macr}Anandab{macr}aj{macr}ara patrik{macr}a theke sa{dotb}mkalana -- v. 9. Mujibanagara, mukt{macr}a{tilde}ncala, o abaruddha B{macr}a{dotb}ml{macr}ade{acute}sa theke prak{macr}a{acute}sita patrapatrik{macr}a / sa{dotb}mkalana o sam{macr}padan{macr}a, H{macr}asin{macr}a {macr}Ahameda
|
| 520 |
|
|
|a Articles, reports, and cartoons collected from various newspapers and news magazines on the 1971 liberation war of Bangladesh.
|
| 541 |
1 |
|
|e 00020034
|
| 546 |
|
|
|a Bengali and English; v. 2 in English.
|
| 650 |
|
0 |
|a India-Pakistan Conflict, 1971
|x Mass media and the conflict.
|9 25448
|
| 651 |
|
0 |
|a Bangladesh
|x History
|y Revolution, 1971.
|9 25449
|
| 651 |
|
0 |
|a Bangladesh
|x History
|y Revolution, 1971
|x Mass media and the revolution.
|9 25450
|
| 700 |
1 |
|
|a আহমেদ, রিয়াজ.
|9 25451
|
| 852 |
4 |
|
|a Ayesha Abed Library
|j General Stacks
|
| 942 |
|
|
|2 ddc
|c BK
|
| 999 |
|
|
|c 8828
|d 8828
|
| 952 |
|
|
|0 0
|1 0
|2 ddc
|4 0
|6 954_920500000000000_GAN_2008
|7 0
|9 10751
|a BRACUL
|b BRACUL
|c BNC
|d 2010-06-09
|l 0
|o 954.9205 GAN
|p 3010020034
|r 2010-06-09
|t 1
|w 2010-06-09
|y BK
|
| 952 |
|
|
|0 0
|1 0
|2 ddc
|4 0
|6 954_920500000000000_GAN
|7 0
|9 43484
|a SCL
|b SCL
|c GEN
|d 2004-02-18
|l 4
|m 10
|o 954.9205 GAN
|p 3020004390
|r 2024-04-02
|s 2024-03-20
|t 2
|w 2014-08-30
|y BK
|
| 952 |
|
|
|0 0
|1 0
|2 ddc
|4 0
|6 954_920500000000000_GAN
|7 0
|9 43511
|a SCL
|b SCL
|c GEN
|d 2004-02-18
|l 1
|m 3
|o 954.9205 GAN
|p 3020004391
|r 2020-03-06
|s 2020-02-16
|t 3
|w 2014-08-30
|y BK
|
| 952 |
|
|
|0 0
|1 0
|2 ddc
|4 0
|6 954_900000000000000_205_GAN
|7 0
|9 43627
|a SCL
|b SCL
|c GEN
|d 2014-09-01
|g 450.00
|l 5
|o 954.9205 GAN
|p 3020007650
|r 2023-08-26
|s 2023-08-20
|t 4
|w 2014-09-01
|y BK
|